000 00492nmm a2200169Ia 4500
008 251105s9999||||xx |||||||||||||||||und||
020 _a8497420993
041 _aspa
100 _aRousseau, Jean-Jacques
245 0 _aEmilio y Sofía o los Solitarios
264 _a[Madrid, España] :
_bBiblioteca Nueva,
_c2004
300 _a228 páginas
490 _aClásicos del pensamiento
650 _aPhilosophy, Ethics
856 _uhttps://public.digitaliapublishing.com/a/4941
942 _cCF
999 _c74068
_d74068